Widok standardowy
Widok MARC
Pozycja Genre/Form Term
Liczba rekordów, w których użyto hasła: 1
001 - Numer kontrolny
- control field: 39051
003 - Identyfikator numeru kontrolnego
- control field: NUKAT
005 - Data i czas ostatniej modyfikacji
- control field: 20260327115214.0
008 - Dane kontrolne kodowane (40 znaków)
- fixed length control field: 190610n||azznnbabn |a ana |
010 ## - Numer kontrolny Biblioteki Kongresu
- numer kontrolny LC: p 2019039752
035 ## - Numer systemowy
- numer systemowy: (PL)a1000000034796
040 ## - Instytucja sporządzająca rekord
- inst. przygot. dane do rek. khw: WA N
- język haseł przedmiotowych/tezaurus: DBN
- inst. wprow. rek. khw: WA N
155 ## - Hasło - nazwa rodzaju/formy
- nazwa rodzaju/formy: Summa
455 ## - Trop zob. - nazwa rodzaju/formy
- nazwa rodzaju/formy: Summae
455 ## - Trop zob. - nazwa rodzaju/formy
- nazwa rodzaju/formy: Suma (gatunek)
455 ## - Trop zob. - nazwa rodzaju/formy
- nazwa rodzaju/formy: Sumy (gatunek)
555 ## - Trop zob. też - nazwa rodz. lub formalna
- podpole kontrolne: g
- nazwa rodzajowa/formalna: Publikacje naukowe
555 ## - Trop zob. też - nazwa rodz. lub formalna
- nazwa rodzajowa/formalna: Kompendia i repetytoria
555 ## - Trop zob. też - nazwa rodz. lub formalna
- nazwa rodzajowa/formalna: Podręcznik
555 ## - Trop zob. też - nazwa rodz. lub formalna
- nazwa rodzajowa/formalna: Traktat
680 ## - Uwaga ogólna przeznaczona do publicznej prezentacj
- tekst wyjaśniający: deskryptor
- hasło lub określnik: Summa
- tekst wyjaśniający: stosuje się w odniesieniu do kompendium, podręcznika mającego obejmować całą dziedzinę wiedzy albo całokształt myśli z zakresu danej dziedziny, zwłaszcza powstałych w średniowieczu prac z zakresu filozofii i teologii scholastycznej.